000 00358nam a2200145Ia 4500
008 230312s9999||||xx |||||||||||||| ||und||
020 _a0-07-066918--5
082 _a621.317
_bHSU-S
100 _aHSU;H.P
245 0 _aSignals and Systems
260 _bMcGraw Hill
_aIndia
_c2012
546 _aEng.
650 _aEngineering
_vSignals and Systems
942 _cBK
999 _c8600
_d8600